East Asia Map Quiz in Chinese Pinyin - Statistics

General Stats
  • This quiz has been taken 304 times
  • The average score is 10 of 19
Answers on the Map
Answers color-coded by a green-red scale on the quiz's map according to % correct below.
 
Answer Stats
Answer % Correct
Tái Wān
78%
Zhōng Guó
73%
Mǎ Lái Xī Yà
66%
Lǎo Wō (Liáo Guó)
64%
Yìn Dù Ní Xī Yà (Yìn Ní)
64%
Tài Guó
63%
Hán Guó (Nán Hán)
61%
Xīn Jiā Pō
56%
Méng Gǔ
55%
Rì Běn
54%
Cháo Xiǎn (Běi Hán)
53%
Fēi Lǜ Bīn
51%
Miǎn Diàn
49%
Yuè Nán
43%
Xiāng Gǎng
40%
Dōng Dì Wèn
38%
Jiǎn Pǔ Zhài
36%
Wén Lái
32%
Ào Mén
29%
No matching quizzes found
Score Distribution
Percent of People with Each Score
Percentile by Number Answered
Your Score History
You have not taken this quiz